| 000 | 00545nam a22001937a 4500 | ||
|---|---|---|---|
| 003 | LK-CoDNM | ||
| 005 | 20250120152639.0 | ||
| 008 | 250120b |||||||| |||| 00| 0 eng d | ||
| 040 |
_aLK-CoDNM _dLK-CoDNM _eLK-CoDNM |
||
| 041 | _aeng | ||
| 080 |
_a9 _bF26 |
||
| 100 | _aLang, Dickson, William | ||
| 110 | _aSmith, Stanley and Thomas, Dighton, Henry | ||
| 245 | _aIndex of Palaeozoic Coral Genera | ||
| 260 |
_aLondon _bOrder of the Trustees of the British Museum _c1940 |
||
| 300 | _av, 231p. : 25 cm | ||
| 650 | _aScience | ||
| 942 | _cBK | ||
| 999 |
_c237080 _d237080 |
||